Themed Celebrity Soundalikes Quiz Stats

 Plays Quiz Updated Jul 23, 2017

     
Support Sporcle.
Go Orange.
Score 0/16 Timer 05:00
0 Plays Today
1st Person or Character Both Names, in the Correct Sequence % Correct
_______ Spielberg - directed extraterrestrialsSteven, Stephen
98.5%
Jim _____ - Canadian stand-up comedian/actorCarrey, Carey
81.4%
_____ Loren - Academy Award-winning Italian actressSophia, Sofia
75.7%
___ Isaak - California-born singer-songwriter/actorChris, Kris
73.8%
_____, Batman's sidekick, and member of the 'Teen Titans'Robin, Robyn
62.4%
_____ Scott Key - 19th Century American writer of lyrics to 'The Star-Spangled Banner'Francis, Frances
57.2%
Lennox _____ - British/Canadian heavyweight boxing champLewis, Louis
55.8%
_____ Russell - '50s Brunette 'Bombshell' ActressJane, Jayne
54.9%
1st Person or Character Both Names, in the Correct Sequence % Correct
_____ Spieth - Young golfer who won The U.S. Open championshipJordan, Jordin
53.6%
_____ White - 2010 Olympic snowboard gold-medalistShaun, Shawn
49.3%
___ Schilling - Threw for Arizona Diamondbacks in MLBCurt, Kurt
49%
_____ Burnett - Emmy winning actress in the '70s, for variety/comedy showCarol, Carroll
48.8%
_____ Hershiser - pitched baseballsOrel, Oral
43.4%
_____ Halliwell - Spice Girl who subsequently pursued a 'solo' careerGeri, Jeri
42.2%
_____ Lee Crosby - TV cohost of 'That's Incredible' (with a former NY Giants quarterback)Cathy, Kathie
35.9%
John _____ - 17th Century English founder of JamestownSmith, Smyth
26.9%

From the Vault

Which Century? II

by khands

History 6m
You know...in case you ever find yourself in possession of a time machine.
Remove Ads.
Support Sporcle.
Get the best of Sporcle when you Go Orange. This ad-free experience offers more features, more stats, and more fun while also helping to support Sporcle. Thank you for becoming a member.

Show Comments

Extras

Top Quizzes Today


Score Distribution

Your Account Isn't Verified!

In order to create a playlist on Sporcle, you need to verify the email address you used during registration. Go to your Sporcle Settings to finish the process.

Report this User

Report this user for behavior that violates our Community Guidelines.

Details: